Coloring outside the lines: business thoughts on creativity, marketing and sales (Record no. 28330)

MARC details
000 -LEADER
fixed length control field 00458nam a2200169Ia 4500
020 ## - INTERNATIONAL STANDARD BOOK NUMBER
ISBN 0- 9662689- 2- X
050 ## - CALL MARK
Classification number HF 5415 .T577/
100 ## - STATEMENT OF RESPONSIBILITY--MAIN AUTHOR NAME
Personal name Tobe, Jeff
245 #0 - TITLE STATEMENT
Title Coloring outside the lines: business thoughts on creativity, marketing and sales
260 ## - PUBLICATION, DISTRIBUTION, ETC. (IMPRINT)
Place of publication Pennsylvania
260 ## - PUBLICATION, DISTRIBUTION, ETC. (IMPRINT)
Name of publisher Business Conference Press
260 ## - PUBLICATION, DISTRIBUTION, ETC. (IMPRINT)
Year of publication 2001
300 ## - PHYSICAL DESCRIPTION
Number of Pages 134 p
942 ## - ADDED ENTRY ELEMENTS (KOHA)
Koha item type Books
Holdings
Withdrawn status Lost status Source of classification or shelving scheme Damaged status Not for loan Permanent Location Current Location Date acquired Accession Number Price effective from Koha item type
    Library of Congress Classification     NILE UNIVERSITY OF NIGERIA - MAIN LIBRARY NILE UNIVERSITY OF NIGERIA - MAIN LIBRARY 04/23/2025 0003634 04/23/2025 Books